[Event "Winnipeg op"]
[Site "Winnipeg CAN"]
[Date "2003.06.21"]
[Round "2"]
[White "Vincent, Trevor"]
[Black "Clory, Ron"]
[Result "1-0"]
[WhiteElo "1981"]
[BlackElo "1693"]
[PlyCount "69"]
[EventDate "2003.06.20"]
[EventType "swiss"]
[EventRounds "5"]
[EventCountry "CAN"]

1. c4 d6 2. g3 g6 3. Bg2 Bg7 4. Nc3 Nf6 5. e4 e5 6. Nge2 O-O 7. O-O a6 8. d3
Nc6 9. h3 Nd4 10. Nxd4 exd4 11. Ne2 c5 12. f4 Rb8 13. g4 b5 14. b3 bxc4 15.
bxc4 Nd7 16. f5 Ne5 17. g5 f6 18. fxg6 Nxg6 19. gxf6 Bxf6 20. Bh6 Bg7 21. Bxg7
Kxg7 22. Ng3 Rxf1+ 23. Qxf1 Qg5 24. Qf2 Nf4 25. h4 Nxd3 26. hxg5 Nxf2 27. Kxf2
Rb2+ 28. Kf3 Kf7 29. Nf5 Ke6 30. Nxd4+ cxd4 31. Bh3+ Ke7 32. Bxc8 a5 33. Bf5
Rh2 34. Rb1 d3 35. Ke3 1-0

[Event "Winnipeg op"]
[Site "Winnipeg CAN"]
[Date "2003.06.21"]
[Round "3"]
[White "Gibbons, Lorne"]
[Black "Anderson, George"]
[Result "0-1"]
[WhiteElo "1359"]
[BlackElo "1524"]
[PlyCount "94"]
[EventDate "2003.06.20"]
[EventType "swiss"]
[EventRounds "5"]
[EventCountry "CAN"]

1. d4 e6 2. c3 Be7 3. e4 d5 4. e5 c5 5. f4 Bd7 6. Be3 Qb6 7. Qc2 Bb5 8. Bxb5+
Qxb5 9. a4 Qc6 10. Nd2 cxd4 11. Bxd4 Bc5 12. Bxc5 Qxc5 13. b4 Qe3+ 14. Ne2 Ne7
15. Rf1 Nf5 16. Rf3 Qb6 17. a5 Qb5 18. Qa4 Qxa4 19. Rxa4 Nd7 20. c4 d4 21. g3
O-O 22. Nb3 b6 23. Nbxd4 Rfc8 24. Nxf5 exf5 25. Rc3 bxa5 26. bxa5 Nc5 27. Raa3
Rab8 28. Nd4 g6 29. Nb5 Ne4 30. Rc1 a6 31. Nd6 Nxd6 32. exd6 Rc5 33. d7 Rd8 34.
Rd3 Kf8 35. Rd6 Rxa5 36. c5 Ke7 37. c6 Kxd6 38. c7 Kxd7 39. cxd8=Q+ Kxd8 40.
Rc6 Ra2 41. Rf6 Ke8 42. h4 h5 43. Kf1 a5 44. Ra6 a4 45. Ke1 Rg2 46. Rxa4 Rxg3
47. Kf2 Rg4 0-1

[Event "Winnipeg op"]
[Site "Winnipeg CAN"]
[Date "2003.06.21"]
[Round "3"]
[White "Khedkar, Jay"]
[Black "Vincent, Trevor"]
[Result "0-1"]
[WhiteElo "1963"]
[BlackElo "1981"]
[PlyCount "50"]
[EventDate "2003.06.20"]
[EventType "swiss"]
[EventRounds "5"]
[EventCountry "CAN"]

1. e4 c5 2. Nf3 Nc6 3. d4 cxd4 4. Nxd4 g6 5. Be3 Nf6 6. Nc3 Bg7 7. Be2 O-O 8.
Qd2 d5 9. exd5 Nxd5 10. Nxc6 bxc6 11. Bd4 e5 12. Bc5 Re8 13. Ne4 Be6 14. Rd1
Nf4 15. Bf3 Bd5 16. c4 Bxc4 17. Nd6 Nd3+ 18. Kf1 Nxc5+ 19. Nxc4 Qh4 20. Qc2
Rad8 21. Nd6 Re6 22. Qxc5 Bf8 23. Qc4 e4 24. Nxf7 exf3 25. Nh6+ Kg7 0-1

[Event "Winnipeg op"]
[Site "Winnipeg CAN"]
[Date "2003.06.21"]
[Round "3"]
[White "Rutter, Blair"]
[Black "Clory, Ron"]
[Result "1/2-1/2"]
[WhiteElo "1757"]
[BlackElo "1693"]
[PlyCount "69"]
[EventDate "2003.06.20"]
[EventType "swiss"]
[EventRounds "5"]
[EventCountry "CAN"]

1. d4 d6 2. c4 g6 3. Nc3 Bg7 4. Nf3 Nf6 5. h3 O-O 6. Bg5 c5 7. e3 cxd4 8. Nxd4
Nc6 9. Nf3 h6 10. Bh4 g5 11. Bg3 Be6 12. Rc1 a6 13. a3 Qa5 14. Bd3 Rac8 15. O-O
Rfd8 16. Nd2 Ne5 17. Be2 Bxc4 18. Bxe5 Bxe2 19. Qxe2 Qxe5 20. Nc4 Qf5 21. e4
Qe6 22. Nd2 d5 23. Kh1 dxe4 24. Rfe1 e3 25. fxe3 Nd5 26. Nxd5 Qxd5 27. Nc4 Qe6
28. Rf1 b5 29. Na5 Rxc1 30. Rxc1 Rc8 31. Rd1 Qb6 32. b4 Qc7 33. Nb3 Qc3 34. Rd3
Qb2 35. Qxb2 1/2-1/2

[Event "Winnipeg op"]
[Site "Winnipeg CAN"]
[Date "2003.06.21"]
[Round "3"]
[White "Zaczek, Jonathan"]
[Black "Hogeveen Rutter, Alexander"]
[Result "0-1"]
[WhiteElo "1638"]
[BlackElo "1611"]
[PlyCount "101"]
[EventDate "2003.06.20"]
[EventType "swiss"]
[EventRounds "5"]
[EventCountry "CAN"]

1. f4 e6 2. Nf3 Nc6 3. d4 Nf6 4. e3 b6 5. Bd3 Bb7 6. e4 Be7 7. c3 O-O 8. O-O h6
9. Qe1 Re8 10. Qg3 Kh8 11. e5 Nd5 12. f5 exf5 13. Bxf5 Bf8 14. Qh3 Re7 15. Be4
Na5 16. Ng5 f6 17. Nf3 Nf4 18. Qf5 Ne2+ 19. Kh1 Bxe4 20. Qxe4 Nxc1 21. Rxc1 Nc6
22. Rf1 d5 23. Qf4 fxe5 24. dxe5 Qe8 25. Re1 Rf7 26. Qg3 Bc5 27. Nbd2 a5 28.
Nb3 Bf8 29. Nbd4 Nxd4 30. cxd4 c5 31. Rad1 Rd8 32. Qg6 Rb7 33. Qxe8 Rxe8 34.
dxc5 bxc5 35. b3 d4 36. Re4 Rd7 37. Rd3 Bd6 38. Rd2 Rc7 39. Kg1 Rce7 40. Kf2
Bxe5 41. Nxe5 Rxe5 42. Rxe5 Rxe5 43. Re2 Rxe2+ 44. Kxe2 Kh7 45. Kd3 Kg6 46. a3
Kf5 47. Ke2 Ke4 48. a4 g5 49. Kd2 h5 50. Ke2 d3+ 51. Kd2 0-1

[Event "Winnipeg op"]
[Site "Winnipeg CAN"]
[Date "2003.06.22"]
[Round "4"]
[White "Anderson, George"]
[Black "Nair, Krishnan"]
[Result "0-1"]
[WhiteElo "1524"]
[BlackElo "1188"]
[PlyCount "120"]
[EventDate "2003.06.20"]
[EventType "swiss"]
[EventRounds "5"]
[EventCountry "CAN"]

1. e4 e5 2. Nf3 Nc6 3. d4 d6 4. Bc4 Bg4 5. Bxf7+ Kxf7 6. Ng5+ Qxg5 7. Bxg5 Bxd1
8. d5 Nce7 9. Kxd1 h6 10. Bh4 g5 11. Bg3 h5 12. h4 g4 13. Rf1 Ke8 14. c4 b6 15.
Nc3 a6 16. Kc2 Bh6 17. f4 gxf3 18. Rxf3 Ng6 19. Raf1 N8e7 20. Ne2 Kd7 21. R3f2
Raf8 22. Rf7 Rxf7 23. Rxf7 Rf8 24. Rh7 Rh8 25. Rxh8 Nxh8 26. Be1 Nhg6 27. g3
Ng8 28. Kd3 Nf6 29. b4 Ng4 30. Nc3 Be3 31. Ke2 Bd4 32. a4 Ne3 33. a5 Nc2 34.
axb6 cxb6 35. Na4 b5 36. cxb5 axb5 37. Nc3 Nxe1 38. Nxb5 Nc2 39. Nxd4 Nxd4+ 40.
Kd3 Kc7 41. Kc4 Kb6 42. Kd3 Kb5 43. Ke3 Kxb4 44. Kf2 Kc4 45. g4 hxg4 46. Kg3
Nxh4 47. Kxh4 Kd3 48. Kxg4 Kxe4 49. Kg3 Kxd5 50. Kf2 e4 51. Ke3 Nf5+ 52. Kd2
e3+ 53. Ke2 Ke4 54. Ke1 d5 55. Ke2 d4 56. Kd1 d3 57. Ke1 Nd4 58. Kd1 Nf5 59.
Ke1 Ng3 60. Kd1 Kf3 0-1

[Event "Winnipeg op"]
[Site "Winnipeg CAN"]
[Date "2003.06.22"]
[Round "4"]
[White "Clory, Ron"]
[Black "Gannon, Keith"]
[Result "0-1"]
[WhiteElo "1693"]
[BlackElo "1550"]
[PlyCount "70"]
[EventDate "2003.06.20"]
[EventType "swiss"]
[EventRounds "5"]
[EventCountry "CAN"]

1. Nf3 Nf6 2. g3 g6 3. Bg2 Bg7 4. O-O O-O 5. c4 d6 6. Nc3 Nbd7 7. d3 a6 8. Qc2
Re8 9. b4 Nf8 10. Bb2 e5 11. a4 Bd7 12. Rfe1 c6 13. e4 Ne6 14. Ne2 Qc7 15. d4
Nxd4 16. Nfxd4 exd4 17. Bxd4 Rac8 18. c5 dxc5 19. Qxc5 Nxe4 20. Qc2 Bxd4 21.
Nxd4 Nf6 22. Qb2 Rxe1+ 23. Rxe1 Re8 24. Nf3 Rxe1+ 25. Nxe1 Qd6 26. Qc3 Qe7 27.
Nd3 Bf5 28. Nc5 Ne8 29. a5 Nd6 30. h4 h5 31. Qd4 Nb5 32. Qd2 Qc7 33. Na4 Be6
34. Qc1 Qe7 35. Nc5 Bc8 0-1

[Event "Winnipeg op"]
[Site "Winnipeg CAN"]
[Date "2003.06.22"]
[Round "4"]
[White "Gibbons, Lorne"]
[Black "Zaczek, Jonathan"]
[Result "0-1"]
[WhiteElo "1359"]
[BlackElo "1638"]
[PlyCount "39"]
[EventDate "2003.06.20"]
[EventType "swiss"]
[EventRounds "5"]
[EventCountry "CAN"]

1. d4 Nf6 2. Nc3 g6 3. Bf4 d5 4. Qd2 Bg7 5. O-O-O O-O 6. Bh6 c6 7. Bxg7 Kxg7 8.
e3 Nbd7 9. f4 b5 10. Be2 b4 11. Nb1 Ne4 12. Qe1 Ndf6 13. Nd2 a5 14. Qh4 Nxd2
15. Rxd2 Ne4 16. Rd1 a4 17. Nf3 e6 18. Qxd8 Rxd8 19. Rhf1 a3 20. b3 0-1

[Event "Winnipeg op"]
[Site "Winnipeg CAN"]
[Date "2003.06.22"]
[Round "4"]
[White "Rutter, Blair"]
[Black "Khedkar, Jay"]
[Result "0-1"]
[WhiteElo "1757"]
[BlackElo "1963"]
[PlyCount "90"]
[EventDate "2003.06.20"]
[EventType "swiss"]
[EventRounds "5"]
[EventCountry "CAN"]

1. d4 Nf6 2. c4 e6 3. a3 b6 4. Nc3 Bb7 5. h3 d5 6. e3 Nbd7 7. b4 c5 8. Nf3 cxb4
9. axb4 Bxb4 10. Bd2 O-O 11. Be2 a5 12. O-O Rc8 13. Ne5 Bxc3 14. Bxc3 Ne4 15.
Bb2 Nxe5 16. dxe5 dxc4 17. Qc2 Qg5 18. f4 Qg6 19. Bf3 Rfd8 20. Bd4 c3 21. g4
Nd2 22. f5 Nxf3+ 23. Rxf3 exf5 24. Rxf5 h5 25. g5 Qc6 26. Kh2 b5 27. Raf1 Rd7
28. h4 b4 29. Rg1 Qe4 30. Qxe4 Bxe4 31. e6 fxe6 32. Rxa5 b3 33. g6 c2 34. Rb5
Bxg6 35. Bb2 Rd2+ 36. Kh3 Bf5+ 37. Kg3 Rd1 38. Rg2 Be4 39. Rf2 Bd5 40. e4 Bxe4
41. Rg5 Rg1+ 42. Kf4 Rf8+ 43. Kxe4 Re1+ 44. Kd3 Rxf2 45. Rxg7+ Kf8 0-1

[Event "Winnipeg op"]
[Site "Winnipeg CAN"]
[Date "2003.06.22"]
[Round "4"]
[White "Vincent, Trevor"]
[Black "Hogeveen Rutter, Alexander"]
[Result "1-0"]
[WhiteElo "1981"]
[BlackElo "1611"]
[PlyCount "73"]
[EventDate "2003.06.20"]
[EventType "swiss"]
[EventRounds "5"]
[EventCountry "CAN"]

1. c4 Nf6 2. g3 g6 3. Bg2 Bg7 4. Nc3 O-O 5. e4 d6 6. Nge2 a6 7. O-O Bg4 8. f3
Be6 9. d3 c6 10. h3 b5 11. cxb5 axb5 12. d4 Bc4 13. b3 Bxe2 14. Qxe2 Nh5 15.
Kh2 Bxd4 16. Bb2 Bxc3 17. Bxc3 Qc7 18. f4 Ra7 19. Qf2 c5 20. g4 Ng7 21. Kh1 b4
22. Bb2 Nd7 23. Qh4 f6 24. g5 e5 25. Rf2 f5 26. Raf1 Rxa2 27. Qh6 Ra6 28. h4
Rf7 29. h5 Nf8 30. hxg6 hxg6 31. fxe5 dxe5 32. exf5 Nxf5 33. Rxf5 gxf5 34. Qxa6
Rh7+ 35. Kg1 c4 36. Bd5+ Kh8 37. Qf6+ 1-0

[Event "Winnipeg op"]
[Site "Winnipeg CAN"]
[Date "2003.06.22"]
[Round "5"]
[White "Anderson, George"]
[Black "Rutter, Blair"]
[Result "0-1"]
[WhiteElo "1524"]
[BlackElo "1757"]
[PlyCount "67"]
[EventDate "2003.06.20"]
[EventType "swiss"]
[EventRounds "5"]
[EventCountry "CAN"]

1. e4 e6 2. c4 Nf6 3. e5 Ng8 4. Nf3 Nc6 5. d4 d5 6. a3 h6 7. Bd2 Nge7 8. b4 a6
9. c5 Nf5 10. Be3 Nxe3 11. fxe3 g5 12. Be2 Bd7 13. O-O Qe7 14. Nfd2 Bg7 15. Bh5
O-O 16. Nc3 f6 17. exf6 Bxf6 18. b5 Nxd4 19. Rc1 Nxb5 20. Nxb5 Bxb5 21. Rf3 Bb2
22. Rc2 Bxa3 23. Qa1 Bxc5 24. Rh3 Kh7 25. Bg4 b6 26. Rc3 Rf6 27. Nf3 Kg7 28.
Qb1 e5 29. g3 Raf8 30. Bh5 e4 31. Rxc5 bxc5 32. Qb2 exf3 33. Kf2 d4 34. Qd2 0-1

[Event "Winnipeg op"]
[Site "Winnipeg CAN"]
[Date "2003.06.22"]
[Round "5"]
[White "Gannon, Keith"]
[Black "Vincent, Trevor"]
[Result "0-1"]
[WhiteElo "1550"]
[BlackElo "1981"]
[PlyCount "88"]
[EventDate "2003.06.20"]
[EventType "swiss"]
[EventRounds "5"]
[EventCountry "CAN"]

1. e4 c5 2. Nf3 Nc6 3. d4 cxd4 4. Nxd4 g6 5. Bc4 Qa5+ 6. Nc3 Nf6 7. O-O Bg7 8.
Nxc6 bxc6 9. Bd2 O-O 10. Nd5 Qd8 11. Nxf6+ Bxf6 12. c3 d5 13. exd5 cxd5 14. Be2
Rb8 15. Bh6 Re8 16. Rb1 e5 17. Be3 Qa5 18. a3 Be6 19. Bg4 d4 20. cxd4 exd4 21.
Bxe6 dxe3 22. Bc4 e2 23. Bxe2 Rbd8 24. Qc2 Rd2 25. Qc6 Re6 26. Qb5 Qxb5 27.
Bxb5 Rxb2 28. Rxb2 Bxb2 29. a4 Kg7 30. f3 Bd4+ 31. Kh1 a6 32. Bd3 Kf6 33. g4
Kg5 34. Be4 Kf4 35. Rc1 f5 36. gxf5 gxf5 37. Rc6 Re5 38. Rc4 fxe4 39. Rxd4 Kxf3
40. Kg1 Rc5 41. Kf1 e3 42. Ke1 Rc1+ 43. Rd1 Rxd1+ 44. Kxd1 Kf2 0-1

[Event "Winnipeg op"]
[Site "Winnipeg CAN"]
[Date "2003.06.22"]
[Round "5"]
[White "Hogeveen Rutter, Alexander"]
[Black "Nair, Krishnan"]
[Result "1-0"]
[WhiteElo "1611"]
[BlackElo "1188"]
[PlyCount "47"]
[EventDate "2003.06.20"]
[EventType "swiss"]
[EventRounds "5"]
[EventCountry "CAN"]

1. e4 e5 2. Nf3 d6 3. Nc3 Bg4 4. h3 Bxf3 5. Qxf3 Nf6 6. Bc4 c6 7. d3 b5 8. Bb3
a5 9. a3 Nbd7 10. Bg5 h6 11. Bh4 Qc8 12. O-O Be7 13. Rad1 Nc5 14. Ba2 b4 15.
Ne2 bxa3 16. bxa3 Na4 17. Rb1 c5 18. Bb3 Qd7 19. Bc4 O-O 20. Bb5 Qe6 21. Bxa4
Qa2 22. Nc3 Qxa3 23. Rb3 Qxb3 24. Bxb3 1-0

[Event "Winnipeg op"]
[Site "Winnipeg CAN"]
[Date "2003.06.22"]
[Round "5"]
[White "Khedkar, Jay"]
[Black "Zaczek, Jonathan"]
[Result "1-0"]
[WhiteElo "1963"]
[BlackElo "1638"]
[PlyCount "71"]
[EventDate "2003.06.20"]
[EventType "swiss"]
[EventRounds "5"]
[EventCountry "CAN"]

1. d4 Nf6 2. c4 g6 3. Nc3 Bg7 4. e4 d6 5. Be2 O-O 6. Nf3 e5 7. d5 Nbd7 8. O-O
a5 9. Ne1 Nc5 10. f3 Ne8 11. Be3 f5 12. Nd3 Nxd3 13. Qxd3 f4 14. Bf2 h5 15.
Rfd1 g5 16. c5 Nf6 17. cxd6 cxd6 18. Nb5 g4 19. Rac1 Rf7 20. Rc2 Ne8 21. Rdc1
Bf8 22. Qb3 g3 23. hxg3 fxg3 24. Be3 Bd7 25. Nc7 Nxc7 26. Rxc7 Qh4 27. Qxb7 Bh6
28. Qxa8+ Kh7 29. Qa7 Qh2+ 30. Kf1 Qh1+ 31. Bg1 Bxc1 32. Rxd7 Rxd7 33. Qxd7+
Kg6 34. Qxd6+ Kg5 35. Qxe5+ Kh4 36. f4 1-0

[Event "Zukertort par equipes"]
[Site "Charlesbourg CAN"]
[Date "2003.05.12"]
[Round "3"]
[White "Caire, Francois"]
[Black "Sauve, Richard"]
[Result "1-0"]
[WhiteElo "2040"]
[BlackElo "1983"]
[PlyCount "63"]
[EventDate "2003.04.28"]
[EventType "team"]
[EventRounds "6"]
[EventCountry "CAN"]

1. d4 e6 2. Nf3 d5 3. c4 c6 4. e3 Nf6 5. Nc3 Nbd7 6. Bd3 Bd6 7. e4 dxe4 8. Nxe4
Nxe4 9. Bxe4 O-O 10. O-O h6 11. Bc2 e5 12. Re1 exd4 13. Qxd4 Bc5 14. Qc3 a5 15.
a3 Nf6 16. Bxh6 gxh6 17. Rad1 Nd7 18. Re4 h5 19. Ne5 Bxf2+ 20. Kxf2 Qf6+ 21.
Kg1 Nxe5 22. Rxe5 Bg4 23. Rf1 Qg7 24. Qe3 f6 25. Re7 Rf7 26. Rxf7 Kxf7 27. c5
Re8 28. Bb3+ Kf8 29. Qd3 Qe7 30. Qg6 Qxc5+ 31. Kh1 Ke7 32. Re1+ 1-0

[Event "Zukertort par equipes"]
[Site "Charlesbourg CAN"]
[Date "2003.06.02"]
[Round "6"]
[White "Sauve, Richard"]
[Black "Caire, Francois"]
[Result "0-1"]
[WhiteElo "1983"]
[BlackElo "2040"]
[PlyCount "120"]
[EventDate "2003.04.28"]
[EventType "team"]
[EventRounds "6"]
[EventCountry "CAN"]

1. d4 d6 2. c4 e5 3. dxe5 dxe5 4. Qxd8+ Kxd8 5. Nf3 f6 6. Nbd2 Be6 7. e3 Nd7 8.
Be2 c6 9. O-O Kc7 10. a3 a5 11. b3 Ne7 12. Bb2 Nf5 13. Rfd1 g5 14. Ne4 Be7 15.
Rd2 Rhg8 16. Rad1 Nc5 17. Nxc5 Bxc5 18. Kh1 Nd6 19. Kg1 Bf5 20. Rc1 Be6 21.
Rdd1 Nf5 22. Rb1 Rgd8 23. Rxd8 Rxd8 24. Rd1 Rxd1+ 25. Bxd1 b5 26. Bc3 b4 27.
axb4 axb4 28. Be1 Nd6 29. Bc2 Bf5 30. Bxf5 Nxf5 31. Bd2 Bd6 32. g4 Ng7 33. h3
Ne6 34. Be1 Nc5 35. Nd2 e4 36. Kf1 Kd7 37. Ke2 Ke6 38. f3 exf3+ 39. Kxf3 Nd3
40. Ke2 Nxe1 41. Kxe1 f5 42. Nf3 fxg4 43. hxg4 Kf6 44. Ke2 Be5 45. Kd3 c5 46.
Ke4 Bd6 47. Kd5 Bf8 48. Nd2 Kg6 49. Ke4 h5 50. gxh5+ Kxh5 51. Kf3 g4+ 52. Kg3
Kg5 53. Ne4+ Kf5 54. Nf2 Bd6+ 55. Kg2 g3 56. Nd1 Ke4 57. Kf1 Kf3 58. Nb2 Kxe3
59. Kg2 Kd2 60. Na4 Kc2 0-1